<?xml version="1.0" encoding="UTF-8"?>
<record
    xmlns:xsi="http://www.w3.org/2001/XMLSchema-instance"
    xsi:schemaLocation="http://www.loc.gov/MARC21/slim http://www.loc.gov/standards/marcxml/schema/MARC21slim.xsd"
    xmlns="http://www.loc.gov/MARC21/slim">

  <leader>00588nam a2200205Ia 4500</leader>
  <controlfield tag="008">201221s9999||||xx |||||||||||||| ||und||</controlfield>
  <datafield tag="020" ind1=" " ind2=" ">
    <subfield code="a">7532584593</subfield>
  </datafield>
  <datafield tag="020" ind1=" " ind2=" ">
    <subfield code="a">9787532584598</subfield>
  </datafield>
  <datafield tag="041" ind1=" " ind2=" ">
    <subfield code="a">chi</subfield>
  </datafield>
  <datafield tag="050" ind1=" " ind2=" ">
    <subfield code="a">PL2685.Z5 </subfield>
    <subfield code="b">.L66 2017</subfield>
  </datafield>
  <datafield tag="100" ind1=" " ind2=" ">
    <subfield code="a">&#x9F99;&#x6986;&#x751F;</subfield>
  </datafield>
  <datafield tag="245" ind1=" " ind2="0">
    <subfield code="a">&#x4E1C;&#x5761;&#x4E50;&#x5E9C;&#x7B3A;</subfield>
    <subfield code="b"> /</subfield>
    <subfield code="c">&#x9F99;&#x6986;&#x751F;</subfield>
  </datafield>
  <datafield tag="246" ind1=" " ind2=" ">
    <subfield code="a">&#x6771;&#x5761;&#x6A02;&#x5E9C;&#x7B8B;</subfield>
  </datafield>
  <datafield tag="260" ind1=" " ind2=" ">
    <subfield code="a">&#x4E0A;&#x6D77; :</subfield>
    <subfield code="b">&#x4E0A;&#x6D77;&#x53E4;&#x7C4D;&#x51FA;&#x7248;&#x793E;,</subfield>
    <subfield code="c">2017</subfield>
  </datafield>
  <datafield tag="300" ind1=" " ind2=" ">
    <subfield code="a">429 p. :</subfield>
    <subfield code="b">pho. ;</subfield>
    <subfield code="c">21 cm.</subfield>
  </datafield>
  <datafield tag="490" ind1=" " ind2=" ">
    <subfield code="a">&#x9F8D;&#x6986;&#x751F;&#x5168;&#x96C6; </subfield>
  </datafield>
  <datafield tag="650" ind1=" " ind2=" ">
    <subfield code="a">Criticism, interpretation, etc.</subfield>
  </datafield>
  <datafield tag="650" ind1=" " ind2=" ">
    <subfield code="a">Su, Shi, 1037-1101 Criticism and interpretation.</subfield>
  </datafield>
  <datafield tag="952" ind1=" " ind2=" ">
    <subfield code="0">0</subfield>
    <subfield code="1">0</subfield>
    <subfield code="4">0</subfield>
    <subfield code="7">0</subfield>
    <subfield code="a">GETS</subfield>
    <subfield code="b">GETS</subfield>
    <subfield code="c">GEN</subfield>
    <subfield code="d">2020-12-21</subfield>
    <subfield code="l">0</subfield>
    <subfield code="o">PL2685.Z5 .L66 2017</subfield>
    <subfield code="p">00020543</subfield>
    <subfield code="r">2020-12-21 00:00:00</subfield>
    <subfield code="w">2020-12-21</subfield>
    <subfield code="y">CB</subfield>
  </datafield>
  <datafield tag="999" ind1=" " ind2=" ">
    <subfield code="c">32769</subfield>
    <subfield code="d">32769</subfield>
  </datafield>
</record>
